Kpop Songs With Most Music Show Wins (2023) - Statistics

General Stats
  • This quiz has been taken 332 times
  • The average score is 25 of 84
Answer Stats
Wins Group Released Date Song % Correct
9 JISOO 31/3/2023 꽃 (FLOWER)
95%
13 JUNG KOOK 14/7/2023 Seven(ft. Latto)
94%
13 (G)I-DLE 15/5/2023 퀸카 (Queencard)
90%
9 IVE 10/4/2023 I AM
83%
8 Newjeans 19/12/2022 Ditto
75%
6 LE SSERAFIM 1/5/2023 UNFORGIVEN (ft. Nile Rodgers)
69%
6 Newjeans 2/1/2023 OMG
66%
6 Stray Kids 2/6/2023 특(S-Class)
64%
6 Newjeans 7/7/2023 Super Shy
63%
8 Seventeen BSS 6/2/2023 파이팅 해야지(Fighting)(ft. Lee Youngji)
59%
6 ATEEZ 16/6/2023 BOUNCY (K-HOT CHILLI PEPPERS)
57%
2 KAI 13/3/2023 Rover
55%
5 Seventeen 24/4/2023 손오공 (Super)
55%
2 ENHYPEN 22/5/2023 Bite Me
54%
4 aespa 8/5/2023 Spicy
51%
4 Newjeans 21/7/2023 ETA
49%
5 IVE 13/10/2023 Baddie
48%
3 JUNG KOOK 29/9/2023 3D (ft. Jack Harlow)
47%
5 AKMU 21/8/2023 Love Lee
47%
6 STAYC 14/2/2023 Teddy Bear
47%
4 Jimin 24/3/2023 Like Crazy
44%
4 TXT 27/1/2023 Sugar Rush Ride
44%
1 aespa 10/11/2023 Drama
41%
2 JUNG KOOK 3/11/2023 Standing Next to You
41%
1 ITZY 31/7/2023 CAKE
38%
2 TWICE 10/3/2023 SET ME FREE
38%
5 Seventeen 23/10/2023 음악의 신(God of music)
37%
3 ZEROBASEONE 10/7/2023 In Bloom
37%
2 IVE 27/3/2023 Kitsch
36%
2 LE SSERAFIM 27/10/2023 Perfect Night
36%
1 JIHYO 18/8/2023 Killin' Me Good
34%
2 NCT DOJAEJUNG 17/4/2023 Perfume
34%
4 ATEEZ 1/12/2023 미친 폼(Crazy Form)
33%
1 NMIXX 20/3/2023 Love Me Like This
32%
1 ENHYPEN 17/11/2023 Sweet Venom
32%
2 TXT 13/10/2023 Chasing That Feeling
31%
2 STAYC 16/8/2023 Bubble
30%
1 Newjeans 1/8/2022 Hype Boy
30%
1 Red Velvet 13/11/2023 Chill Kill
28%
4 NCT 127 6/10/2023 Fact Check (불가사의; 不可思議)
28%
6 V 8/9/2023 Slow Dancing
28%
5 SHINEE 26/6/2023 HARD
27%
3 BTS 9/6/2023 Take two
25%
2 NCT U 28/8/2023 Baggy Jeans
24%
1 LE SSERAFIM 1/5/2023 이브, 프시케 그리고 푸른 수염의 아내(Eve, Psyche & The Bluebeard's wife)
24%
1 TAEMIN 30/10/2023 Guilty
24%
1 Jimin 24/3/2023 Set Me Free Pt.2
23%
1 EVERGLOW 18/8/2023 SLAY
23%
4 NCT DREAM 17/7/2023 ISTJ
21%
2 j-hope 3/3/2023 on the street(with J.Cole)
20%
1 EXO 10/7/2023 Cream Soda
19%
1 ATEEZ 30/12/2022 HALAZIA
19%
1 TAEYANG 13/1/2023 Vibe(ft. Jimin)
17%
2 BOYNEXTDOOR 4/9/2023 뭣 같아(But sometimes)
16%
1 IVE 25/9/2023 Either Way
16%
3 V 8/9/2023 Love Me Again
16%
5 THE BOYZ 20/2/2023 ROAR
16%
2 Dreamcatcher 24/5/2023 BONVOYAGE
14%
1 fromis_9 5/6/2023 #menow
14%
1 TAEYEON 27/11/2023 To. X
14%
2 THE BOYZ 20/11/2023 WATCH IT
13%
3 NCT 127 30/1/2023 Ay-Yo
12%
1 NIZIU 30/10/2023 HEARTRIS
11%
1 THE BOYZ 7/8/2023 LIP GLOSS
11%
1 MONSTA X 9/1/2023 Beautiful Liar
8%
1 Billlie 28/3/2023 EUNOIA
8%
1 JO YURI 9/8/2023 TAXI
8%
1 EXO 9/12/2013 첫 눈(The first snow)
8%
1 Kwon Eunbi 2/8/2023 The Flash
8%
2 ONEUS 26/9/2023 Baila Conmigo
7%
1 CRAVITY 6/3/2023 Groovy
6%
1 ONEUS 8/5/2023 ERASE ME
5%
1 H1-KEY 30/8/2023 SEOUL (Such a Beautiful City)
5%
1 Oh My GIrl 24/7/2023 여름이 들려 (Summer Comes)
4%
1 AB6IX 29/5/2023 LOSER
3%
1 ONEW 6/3/2023 O (Circle)
3%
2 TEMPEST 20/9/2023 Vroom Vroom
3%
2 LIM YOUNG WOONG 9/10/2023 Do or Die
2%
3 LIM YOUNG WOONG 5/6/2023 모래 알갱이(Grain of Sand)
2%
1 LEE GIKWANG 17/4/2023 Predator
1%
1 HAN SEUNG WOO 27/6/2023 Dive into
0%
1 JAECHAN 6/9/2023 Hello
0%
3 Stray Kids 10/11/2023 락 (樂)(LALALALA)
0%
1 Lee Chan Won 20/2/2023 풍등(Wish Lantern)
0%
No matching quizzes found
Score Distribution
Percent of People with Each Score
Percentile by Number Answered
Your Score History
You have not taken this quiz